| 000 | 00526nam a2200121Ia 4500 | ||
|---|---|---|---|
| 008 | 170221s9999 xx 000 0 und d | ||
| 100 | _aRichard Walstra | ||
| 245 | _aIntegrating Excel, SQL, and SPSS within an Introductory Finance Intrinsic Value Assignment | ||
| 245 | _cRichard Walstra, Dominican University; Anne Drougas, Dominican University; Steve Harrington, Dominican University. | ||
| 260 | _bJournal of Management and Marketing Research | ||
| 650 | _xBusiness | ||
| 856 | _uhttp://www.aabri.com/manuscripts/152294.pdf | ||
| 999 |
_c307687 _d307687 |
||